Click the French-Speaking Countries Quiz Stats

Quiz Updated Aug 6, 2017

Challenge
Share
Tweet
Score 0/29 Timer 09:00
1 Play Today
% Correct
France
96.8%
Canada
74.3%
Switzerland
73.2%
Niger
71.1%
Belgium
70.8%
Côte d'Ivoire
70.6%
CAR
69.4%
Cameroon
69.2%
Chad
68.4%
DRC
68.1%
Mali
67.9%
Rep. Congo
65.8%
Senegal
63.3%
Guinea
63.2%
Gabon
63%
% Correct
Burkina Faso
62.3%
Monaco
60.7%
Benin
58.3%
Togo
57.7%
Luxembourg
51.6%
Haiti
48.5%
Madagascar
35.2%
Seychelles
31.4%
Rwanda
31%
Comoros
31%
Burundi
30.7%
Equatorial Guinea
29.6%
Vanuatu
18.7%
Djibouti
18.5%

You're not logged in!

Compare scores with friends on all Sporcle quizzes.
Sign Up with Email
OR
Log In

You Might Also Like...

Show Comments

Extras

Top Quizzes Today


Score Distribution

Your Account Isn't Verified!

In order to create a playlist on Sporcle, you need to verify the email address you used during registration. Go to your Sporcle Settings to finish the process.